[Event "Arco op 45th"]
[Site "Arco"]
[Date "2023.10.10"]
[Round "4"]
[White "Martinez, Guido"]
[Black "Renzi, Marco"]
[Result "1-0"]
[WhiteElo "1618"]
[BlackElo "1828"]
[PlyCount "72"]
[EventDate "2023.10.07"]
[EventType "swiss"]
[EventRounds "9"]
[EventCountry "ITA"]
[SourceTitle "Mega2024 Update 01"]
[Source "Chessbase"]
[SourceDate "2023.11.12"]
[SourceVersion "1"]
[SourceVersionDate "2023.11.12"]
[SourceQuality "1"]

1. Nf3 Nc6 2. d4 d5 3. e3 Nf6 4. c4 e6 5. Nc3 Be7 6. Bd2 0-0 7. Rc1 b6 8. cxd5 exd5 9. Qa4 Bd7 10. Bb5 a6 11. Bxc6 b5 12. Bxb5 axb5 13. Qb3 Kh8 14. Ne5 Be8 15. 0-0 b4 16. Ne2 Ba4 17. Qd3 Bd6 18. f4 Ne4 19. Be1 Qe8 20. b3 Bb5 21. Qc2 Ra6 22. Rf3 Qa8 23. Ra1 f6 24. Ng4 Rc6 25. Qd1 Qa6 26. Ng3 Bd3 27. Nf2 Bc2 28. Qe2 Qa3 29. Ngxe4 dxe4 30. Rh3 h6 31. Qh5 Kh7 32. Qf5+ g6 33. Qd7+ Kg8 34. Rxh6 Rf7 35. Rxg6+ Kh8 36. Qe8+ Rf8 1-0

[Event "Verona op-B"]
[Site "Verona"]
[Date "2019.01.04"]
[Round "4"]
[White "Martinez, Guido"]
[Black "Mircoli, Filippo"]
[Result "1-0"]
[WhiteElo "1693"]
[BlackElo "1617"]
[PlyCount "33"]
[EventDate "2019.01.02"]
[EventType "swiss"]
[EventRounds "7"]
[EventCountry "ITA"]
[SourceTitle "CBM 188 Extra"]
[Source "ChessBase"]
[SourceDate "2019.02.26"]
[SourceVersion "1"]
[SourceVersionDate "2019.02.26"]
[SourceQuality "1"]

1. Nf3 e6 2. d4 g6 3. e4 Bg7 4. Nc3 Ne7 5. Be3 d6 6. Qd2 h6 7. Bd3 Nd7 8. 0-0 b6 9. Rad1 Bb7 10. Rfe1 a6 11. a4 Nf6 12. h3 g5 13. e5 dxe5 14. Nxe5 Nfd5 15. Ng4 Nxe3 16. Qxe3 Qxd4 17. Bb5+ 1-0

[Event "Verona op-B"]
[Site "Verona"]
[Date "2019.01.03"]
[Round "3"]
[White "Solinas, Roberto"]
[Black "Martinez, Guido"]
[Result "1/2-1/2"]
[WhiteElo "1613"]
[BlackElo "1693"]
[PlyCount "61"]
[EventDate "2019.01.02"]
[EventType "swiss"]
[EventRounds "7"]
[EventCountry "ITA"]
[SourceTitle "CBM 188 Extra"]
[Source "ChessBase"]
[SourceDate "2019.02.26"]
[SourceVersion "1"]
[SourceVersionDate "2019.02.26"]
[SourceQuality "1"]

1. c4 e5 2. Nc3 Nf6 3. g3 c6 4. Bg2 d5 5. b3 Bf5 6. Bb2 d4 7. Nb1 Qa5 8. Nf3 Nbd7 9. 0-0 Bd6 10. d3 0-0 11. a3 Qc7 12. b4 c5 13. b5 Rfe8 14. a4 Nf8 15. Nh4 Be6 16. Nd2 Qd7 17. Ne4 Nxe4 18. Bxe4 Bh3 19. Bg2 Bxg2 20. Nxg2 Qh3 21. e4 Re6 22. Bc1 Nd7 23. Nh4 Nf6 24. Qf3 Ng4 25. Qg2 Qxg2+ 26. Kxg2 g6 27. h3 Nf6 28. Bd2 Be7 29. Kh2 Kg7 30. Ng2 Nd7 31. f3 1/2-1/2

[Event "Verona op-B"]
[Site "Verona"]
[Date "2017.01.06"]
[Round "7.13"]
[White "Martinez, Guido"]
[Black "Spano Cuomo, Gaetano"]
[Result "0-1"]
[WhiteElo "1814"]
[BlackElo "1731"]
[PlyCount "128"]
[EventDate "2017.01.02"]
[EventType "swiss"]
[EventRounds "7"]
[EventCountry "ITA"]
[SourceTitle "EXT 2018"]
[Source "ChessBase"]
[SourceDate "2017.10.13"]
[SourceVersion "1"]
[SourceVersionDate "2017.10.13"]
[SourceQuality "1"]

1. e4 d6 2. d4 c5 3. dxc5 Qa5+ 4. Nc3 Qxc5 5. Nf3 Nf6 6. a3 g6 7. Be3 Qc7 8. Qd2 Bg7 9. Rd1 a6 10. Be2 Nbd7 11. 0-0 b5 12. Nd4 Bb7 13. f3 e6 14. Rfe1 d5 15. exd5 Nxd5 16. Nxd5 Bxd5 17. Kh1 0-0 18. Bg5 Bf6 19. Bxf6 Nxf6 20. Qg5 Kg7 21. Bd3 Rfe8 22. c3 h6 23. Qh4 Rad8 24. f4 Nh5 25. Rf1 Bc4 26. Bxc4 bxc4 27. Qf2 Nf6 28. Qf3 Nd5 29. Rde1 Rb8 30. Re2 Rb6 31. Qe4 f5 32. Qf3 Nf6 33. Qe3 Ne4 34. Rd1 g5 35. g3 g4 36. Rc2 Qb7 37. Kg1 Rxb2 38. Qc1 Rb6 39. Qe3 Kg6 40. Ne2 Rb8 41. h4 h5 42. Kh2 Qe7 43. Rd4 Qxa3 44. Rd7 Qc5 45. Qxc5 Nxc5 46. Rc7 Ne4 47. Kg2 Rb2 48. Rxb2 Rxb2 49. Kf1 a5 50. Ra7 Ra2 51. Ra6 a4 52. Rxe6+ Kf7 53. Ra6 a3 54. Ra7+ Kf6 55. Ra6+ Ke7 56. Ra5 Ra1+ 57. Kg2 a2 58. Nd4 Rc1 59. Rxa2 Rxc3 60. Ne2 Rf3 61. Rc2 c3 62. Nd4 Rxg3+ 63. Kh2 Rd3 64. Nb3 Rd1 0-1

[Event "Verona op-B"]
[Site "Verona"]
[Date "2017.01.02"]
[Round "1.10"]
[White "Favini, Matteo"]
[Black "Martinez, Guido"]
[Result "1-0"]
[WhiteElo "1666"]
[BlackElo "1814"]
[PlyCount "109"]
[EventDate "2017.01.02"]
[EventType "swiss"]
[EventRounds "7"]
[EventCountry "ITA"]
[SourceTitle "EXT 2018"]
[Source "ChessBase"]
[SourceDate "2017.10.13"]
[SourceVersion "1"]
[SourceVersionDate "2017.10.13"]
[SourceQuality "1"]

1. d4 Nf6 2. c4 g6 3. Bg5 Bg7 4. Bxf6 Bxf6 5. Nf3 c5 6. e3 Nc6 7. Nc3 0-0 8. Nd5 Bg7 9. Qd2 d6 10. Be2 Bf5 11. dxc5 dxc5 12. Rd1 e6 13. Nf4 Qb6 14. b3 Rad8 15. Bd3 Nb4 16. Qe2 Bc3+ 17. Kf1 Bxd3 18. Nxd3 Rd6 19. Nxb4 Bxb4 20. Rxd6 Qxd6 21. g3 Rd8 22. Kg2 Kg7 23. Qb2+ f6 24. a3 Ba5 25. Rb1 Bc7 26. b4 b6 27. b5 Qd3 28. Qb3 e5 29. Rb2 Kf7 30. Qxd3 Rxd3 31. Rd2 e4 32. Rxd3 exd3 33. Kf1 Ke6 34. Ke1 Kf5 35. Kd2 Kg4 36. Ng1 Kf5 37. Kxd3 Ke6 38. Ke4 f5+ 39. Kd3 Be5 40. f4 Bf6 41. Nf3 Kd6 42. e4 fxe4+ 43. Kxe4 Ke6 44. Ne5 Bd8 45. Nc6 Bc7 46. Nxa7 Bd6 47. a4 Bc7 48. Nc6 Bd6 49. Nd8+ Kf6 50. Kd5 Be7 51. Nc6 Bf8 52. Ne5 Be7 53. Nd7+ Kf5 54. Nxb6 Kg4 55. a5 1-0

[Event "Arco op 37th"]
[Site "Arco"]
[Date "2015.10.11"]
[Round "2"]
[White "Schoknecht, Sabine"]
[Black "Martinez, Guido"]
[Result "0-1"]
[WhiteElo "1629"]
[BlackElo "1813"]
[PlyCount "56"]
[EventDate "2015.10.10"]
[EventType "swiss"]
[EventRounds "9"]
[EventCountry "ITA"]
[SourceTitle "CBM 168 Extra"]
[Source "ChessBase"]
[SourceDate "2015.10.29"]
[SourceVersion "1"]
[SourceVersionDate "2015.10.29"]
[SourceQuality "1"]

1. d4 Nf6 2. c3 b6 3. Bf4 Bb7 4. e3 e6 5. Nd2 Be7 6. Qc2 d5 7. Be2 Nbd7 8. Ngf3 c5 9. h3 0-0 10. Ng5 g6 11. h4 h5 12. Nxe6 fxe6 13. Qxg6+ Kh8 14. Bd3 Qe8 15. Qh6+ Kg8 16. Bg6 Rf7 17. Rh3 Bf8 18. Qg5 Bg7 19. Nf3 Qf8 20. Ne5 Nxe5 21. dxe5 Ng4 22. Qxh5 Nh6 23. Rg3 Rxf4 24. exf4 Qxf4 25. Kf1 d4 26. c4 Rf8 27. Qe2 Qxg3 28. Bc2 Qxg2+ 0-1

[Event "Arco op 36th"]
[Site "Arco"]
[Date "2014.10.11"]
[Round "8"]
[White "Martinez, Guido"]
[Black "Ottaviani, Gianluca"]
[Result "0-1"]
[WhiteElo "1856"]
[BlackElo "1982"]
[PlyCount "110"]
[EventDate "2014.10.04"]
[EventType "swiss"]
[EventRounds "9"]
[EventCountry "ITA"]
[SourceTitle "EXT 2016"]
[Source "ChessBase"]
[SourceDate "2015.10.08"]
[SourceVersion "1"]
[SourceVersionDate "2015.10.08"]
[SourceQuality "1"]

1. d4 Nf6 2. c4 e6 3. Nc3 Bb4 4. Bd2 c5 5. a3 Bxc3 6. Bxc3 Ne4 7. Qd3 Nxc3 8. Qxc3 cxd4 9. Qxd4 0-0 10. Rd1 Nc6 11. Qd2 Qf6 12. Nf3 Rd8 13. e3 b6 14. Be2 Bb7 15. 0-0 d5 16. cxd5 Rxd5 17. Qc2 Rc5 18. Qb1 Ne5 19. Nxe5 Rxe5 20. Rd7 Be4 21. Qd1 Rg5 22. f3 Bc6 23. Rd6 Bb5 24. Bxb5 Rxb5 25. b4 Rc8 26. Rd7 h5 27. Qd3 Rg5 28. e4 g6 29. Rxa7 Qb2 30. g3 Rc2 31. Qd8+ Kg7 32. Rxf7+ Kxf7 33. Qd7+ Kf6 34. Qd8+ Kg7 35. Qe7+ Kh8 36. Qd8+ Kh7 37. Qe7+ Kh8 38. Qd8+ Kh7 39. Qe7+ Kh6 40. Qf8+ Kh7 41. Qe7+ Kh6 42. Qf8+ Qg7 43. Qf4 h4 44. h3 hxg3 45. Rd1 e5 46. Qe3 Kh5 47. Rd8 g2 48. Qe1 b5 49. Ra8 Kh6 50. h4 Rh5 51. Qe3+ Kh7 52. Ra7 Rc7 53. Ra6 Qd7 54. Rxg6 Rxh4 55. Qg5 Rc2 0-1

[Event "Arco op 36th"]
[Site "Arco"]
[Date "2014.10.09"]
[Round "6"]
[White "Martinez, Guido"]
[Black "Sprea, Giuseppe"]
[Result "0-1"]
[WhiteElo "1856"]
[BlackElo "1938"]
[PlyCount "52"]
[EventDate "2014.10.04"]
[EventType "swiss"]
[EventRounds "9"]
[EventCountry "ITA"]
[SourceTitle "EXT 2016"]
[Source "ChessBase"]
[SourceDate "2015.10.08"]
[SourceVersion "1"]
[SourceVersionDate "2015.10.08"]
[SourceQuality "1"]

1. d4 Nf6 2. c4 e6 3. Nc3 Bb4 4. Qc2 0-0 5. a3 Bxc3+ 6. Qxc3 d5 7. Bg5 c5 8. Bxf6 Qxf6 9. e3 cxd4 10. exd4 Nc6 11. Nf3 e5 12. Nxe5 Re8 13. Be2 Nxd4 14. Qxd4 Rxe5 15. Rd1 Qe7 16. Rd2 Bf5 17. Kd1 Re8 18. Bd3 Bxd3 19. Qxd3 dxc4 20. Qxc4 Rc5 21. Qd3 Rec8 22. Qb1 g6 23. f3 Qe3 24. Rf1 Qb3+ 25. Ke2 Re8+ 26. Kf2 Qe3+ 0-1

[Event "Ortisei Server24 op-B 2nd"]
[Site "Ortisei"]
[Date "2013.06.06"]
[Round "6"]
[White "Bossoni, Mario"]
[Black "Martinez, Guido"]
[Result "1-0"]
[WhiteElo "1941"]
[BlackElo "1802"]
[PlyCount "27"]
[EventDate "2013.06.01"]
[EventType "swiss"]
[EventRounds "9"]
[EventCountry "ITA"]
[SourceTitle "EXT 2024"]
[Source "ChessBase"]
[SourceDate "2023.10.10"]
[SourceVersion "1"]
[SourceVersionDate "2023.10.10"]
[SourceQuality "1"]

1. e4 e5 2. Bc4 Nf6 3. d4 exd4 4. Nf3 Bb4+ 5. c3 dxc3 6. bxc3 Bc5 7. e5 Ne4 8. Qd5 Bxf2+ 9. Kf1 Qe7 10. Qxe4 Bb6 11. Ng5 Qc5 12. Bxf7+ Kd8 13. Qh4 Qe7 14. Ne6+ 1-0

[Event "Arco op 34th"]
[Site "Arco"]
[Date "2012.10.18"]
[Round "6"]
[White "Cautiero, Pietro"]
[Black "Martinez, Guido"]
[Result "1-0"]
[WhiteElo "1714"]
[BlackElo "1843"]
[PlyCount "37"]
[EventDate "2012.10.13"]
[EventType "swiss"]
[EventRounds "9"]
[EventCountry "ITA"]
[SourceTitle "EXT 2013"]
[Source "ChessBase"]
[SourceDate "2012.11.22"]
[SourceVersion "1"]
[SourceVersionDate "2012.11.22"]
[SourceQuality "1"]

1. d4 Nf6 2. Nc3 g6 3. e4 d6 4. f4 e6 5. Nf3 Bg7 6. Bd3 0-0 7. 0-0 c5 8. e5 Nd5 9. Ne4 dxe5 10. dxe5 Qc7 11. Nd6 Rd8 12. c4 Nb4 13. Bb1 N4a6 14. Ng5 f6 15. Nxh7 fxe5 16. fxe5 Bxe5 17. Bxg6 Qxd6 18. Qh5 Bxh2+ 19. Kh1 1-0

[Event "Cento op 1st"]
[Site "Cento"]
[Date "2011.02.11"]
[Round "7"]
[White "Martinez, Guido"]
[Black "Gioga, Michele"]
[Result "1/2-1/2"]
[WhiteElo "1926"]
[BlackElo "1682"]
[PlyCount "90"]
[EventDate "2011.02.05"]
[EventType "swiss"]
[EventRounds "9"]
[EventCountry "ITA"]
[SourceTitle "CBM 140 Extra"]
[Source "ChessBase"]
[SourceDate "2011.03.01"]
[SourceVersion "1"]
[SourceVersionDate "2011.03.01"]
[SourceQuality "1"]

1. e4 d5 2. exd5 Qxd5 3. Nc3 Qe5+ 4. Be2 c6 5. Nf3 Qc7 6. d4 Bf5 7. 0-0 Nf6 8. Re1 e6 9. Bf1 Be7 10. Bg5 0-0 11. Qd2 h6 12. Bf4 Bd6 13. Ne5 Nbd7 14. Rad1 Rfd8 15. Qe3 Ng4 16. Qg3 Ngxe5 17. dxe5 Bf8 18. Bxh6 Bxc2 19. Rd2 Bg6 20. Bg5 Re8 21. Bc4 Nb6 22. Bb3 Nd5 23. Red1 Be7 24. Rd4 Bxg5 25. Qxg5 Qe7 26. Qg3 Bf5 27. Ne4 c5 28. Rxd5 Bxe4 29. Rd7 Qf8 30. Qh4 Bc6 31. Bc2 g6 32. R7d3 Qg7 33. Re1 Bd5 34. a3 Rac8 35. Rh3 Red8 36. Qf4 Bc6 37. Rd1 Rxd1+ 38. Bxd1 Rd8 39. Bc2 Rd4 40. Qe3 Be4 41. Bb3 Bd5 42. f4 Bxb3 43. Qxb3 b6 44. Qf3 Rd5 45. Kf1 Qf8 1/2-1/2

[Event "Arco op 32nd"]
[Site "Arco"]
[Date "2010.10.18"]
[Round "3"]
[White "Baeta, Marcio Netto"]
[Black "Martinez, Guido"]
[Result "1-0"]
[WhiteElo "2221"]
[BlackElo "1915"]
[PlyCount "67"]
[EventDate "2010.10.16"]
[EventType "swiss"]
[EventRounds "9"]
[EventCountry "ITA"]
[SourceTitle "CBM 138 Extra"]
[Source "ChessBase"]
[SourceDate "2010.10.29"]
[SourceVersion "1"]
[SourceVersionDate "2010.10.29"]
[SourceQuality "1"]

1. d4 Nf6 2. c4 g6 3. Nc3 d5 4. cxd5 Nxd5 5. e4 Nxc3 6. bxc3 Bg7 7. Bc4 0-0 8. Ba3 Nd7 9. Nf3 h6 10. 0-0 c5 11. Qb3 cxd4 12. cxd4 Nb6 13. Be2 Bd7 14. Rac1 Bc6 15. d5 Ba4 16. Qe3 Qd7 17. Bc5 Bb5 18. Bxb5 Qxb5 19. Bxe7 Rfe8 20. d6 Rac8 21. Qb3 Qd7 22. Nh4 Qg4 23. f3 Qf4 24. Rxc8 Rxc8 25. g3 Qd2 26. Rd1 Bd4+ 27. Kh1 Qf2 28. Qb5 a6 29. Qf1 Qb2 30. Qd3 Bg7 31. Rd2 Qc1+ 32. Rd1 Qb2 33. Qb1 Qe2 34. Rc1 1-0

[Event "Imperia op-B 52nd"]
[Site "Imperia"]
[Date "2010.09.02"]
[Round "5"]
[White "Salerno, Luciano"]
[Black "Martinez, Guido"]
[Result "1/2-1/2"]
[WhiteElo "1581"]
[BlackElo "1915"]
[PlyCount "47"]
[EventDate "2010.08.29"]
[EventType "swiss"]
[EventRounds "8"]
[EventCountry "ITA"]
[SourceTitle "EXT 2024"]
[Source "ChessBase"]
[SourceDate "2023.10.10"]
[SourceVersion "1"]
[SourceVersionDate "2023.10.10"]
[SourceQuality "1"]

1. d4 Nf6 2. c4 g6 3. Nc3 d5 4. Nf3 Bg7 5. Qb3 c6 6. Bf4 0-0 7. e3 Re8 8. Rc1 b6 9. cxd5 Nxd5 10. Be5 Bb7 11. Bc4 e6 12. 0-0 Nd7 13. Bxg7 Kxg7 14. Nxd5 cxd5 15. Bb5 Re7 16. Qa4 a6 17. Bxd7 Qxd7 18. Qxd7 Rxd7 19. Ne5 Re7 20. Nc6 Rc7 21. Ne5 Rac8 22. Nd3 a5 23. Rxc7 Rxc7 24. Rc1 1/2-1/2

[Event "ITA-ch qual"]
[Site "Saint Vincent"]
[Date "2008.07.26"]
[Round "8"]
[White "Rossi, Giampiero"]
[Black "Martinez, Guido"]
[Result "1/2-1/2"]
[WhiteElo "1996"]
[BlackElo "1942"]
[PlyCount "76"]
[EventDate "2008.07.19"]
[EventType "swiss"]
[EventRounds "9"]
[EventCountry "ITA"]
[SourceTitle "EXT 2009"]
[Source "ChessBase"]
[SourceDate "2008.11.26"]
[SourceVersion "1"]
[SourceVersionDate "2008.11.26"]
[SourceQuality "1"]

1. d4 Nf6 2. c4 g6 3. g3 Bg7 4. Bg2 d5 5. cxd5 Nxd5 6. e4 Nb6 7. Ne2 Nc6 8. d5 Ne5 9. 0-0 0-0 10. Nbc3 Nec4 11. b3 Nd6 12. Bf4 Nd7 13. Rc1 a6 14. Qd2 f5 15. Nd4 Nc5 16. e5 Nde4 17. Nxe4 Nxe4 18. Bxe4 fxe4 19. Ne2 Bh3 20. Rfe1 e3 21. Bxe3 Bxe5 22. Bf4 Bd6 23. Bxd6 exd6 24. Nf4 Bf5 25. Rc3 Qd7 26. Rce3 Rae8 27. Ng2 Rxe3 28. Qxe3 Qf7 29. Qd2 Re8 30. Rxe8+ Qxe8 31. Qe3 Qxe3 32. Nxe3 Bb1 33. a3 Ba2 34. b4 g5 35. f4 gxf4 36. gxf4 Kg7 37. Kf2 Kf6 38. Kf3 Bb3 1/2-1/2